000
00246nam a22001217a 4500
040
_c
SK
082
_a
333
100
_a
ជួង សុផល
245
_a
Irrigation management
260
_a
NSW
_b
ជួង
_c
2001
300
_a
20p.
942
_c
EK
999
_c
8634
_d
8634